| 000 | 00415nam a2200157 a 4500 | ||
|---|---|---|---|
| 005 | 20140310183605.0 | ||
| 008 | 120630s19uu xx 00 eng d | ||
| 020 | _a9789719457305 | ||
| 050 |
_aPS 9993.C528 _b.B54 2009 |
||
| 100 | _aChavez, Frank | ||
| 245 |
_aBlighted / _cFrank Chavez. |
||
| 260 |
_a[s.l.] : _bFairness Media, Inc, _c2009. |
||
| 300 |
_a328 p. : _c23 cm. |
||
| 942 |
_cBK _2lcc |
||
| 999 |
_c25156 _d25156 |
||